The Malay magician being Shaman, Saiva and Sufi / (Record no. 2317)

000 -LEADER
fixed length control field nam a22 a 4500
003 - CONTROL NUMBER IDENTIFIER
control field AKMAL
005 - DATE AND TIME OF LATEST TRANSACTION
control field 20170516093940.0
008 - FIXED-LENGTH DATA ELEMENTS--GENERAL INFORMATION
fixed length control field 170516s1961 xxk 00 eng d
040 ## - CATALOGING SOURCE
Original cataloging agency AKMAL
082 04 - DEWEY DECIMAL CLASSIFICATION NUMBER
Classification number 398 WIN
090 00 - LOCALLY ASSIGNED LC-TYPE CALL NUMBER (OCLC); LOCAL CALL NUMBER (RLIN)
Classification number (OCLC) (R) ; Classification number, CALL (RLIN) (NR) 398
Local cutter number (OCLC) ; Book number/undivided call number, CALL (RLIN) WIN
100 1# - MAIN ENTRY--PERSONAL NAME
Personal name Winstedt, Richard Olof,
Titles and words associated with a name Sir,
Dates associated with a name 1878-1966
9 (RLIN) 4841
245 14 - TITLE STATEMENT
Title The Malay magician being Shaman, Saiva and Sufi /
Statement of responsibility, etc. by Richard Winstedt
250 ## - EDITION STATEMENT
Edition statement Rev. enlarged ed.
260 ## - PUBLICATION, DISTRIBUTION, ETC.
Place of publication, distribution, etc. London :
Name of publisher, distributor, etc. Routledge and Kegan Paul,
Date of publication, distribution, etc. 1961
300 00 - PHYSICAL DESCRIPTION
Extent vii,182p. :
Other physical details ill. ;
Dimensions 22cm
500 ## - GENERAL NOTE
General note Includes index
500 ## - GENERAL NOTE
General note Revised and enlarged with a malay appendix
650 #0 - SUBJECT ADDED ENTRY--TOPICAL TERM
Topical term or geographic name entry element Magic, Malay
9 (RLIN) 4842
650 #0 - SUBJECT ADDED ENTRY--TOPICAL TERM
Topical term or geographic name entry element Magic
Geographic subdivision Malaysia
9 (RLIN) 4843
650 #0 - SUBJECT ADDED ENTRY--TOPICAL TERM
Topical term or geographic name entry element Shamanism
9 (RLIN) 4844
650 #0 - SUBJECT ADDED ENTRY--TOPICAL TERM
Topical term or geographic name entry element Sufism
9 (RLIN) 1283
942 ## - ADDED ENTRY ELEMENTS (KOHA)
Source of classification or shelving scheme
Koha item type Book
Holdings
Withdrawn status Lost status Source of classification or shelving scheme Damaged status Not for loan Collection code Home library Current library Shelving location Date acquired Inventory number Total Checkouts Full call number Barcode Date last seen Price effective from Koha item type
          NON-FICTION AKMAL Melaka AKMAL Melaka PINJAMAN 16.05.2017 300197   398 WIN 201706636 16.05.2017 16.05.2017 Book
Pusat Sumber Maklumat Dato' Haji Sarmin Md Hussin, Akademi Kastam Diraja Malaysia, Melaka
Tel: 06-2331106 | Faks: 06-2313787